000 00527cam a22001933a 4500
001 45535
003 PGUSA
005 20140828084043.0
008 140429s2014||||xxu|||||s|||||000 | eng d
040 _aPGUSA
_beng
042 _adc
245 1 0 _aMesa Verde National Park
_h[electronic resource] /
_cAnonymous
260 _bProject Gutenberg,
_c2014
506 _aPublic domain in the USA.
516 _aElectronic text
830 0 _aProject Gutenberg
_v45535
856 4 0 _uhttp://www.gutenberg.org/ebooks/45535
942 _cEB
999 _c274786
_d274786